[Event "Modbury Championship"]
[Site "Modbury"]
[Date "2002.06.14"]
[Round "1.1"]
[White "Kramer, Warren"]
[Black "Watters, Daniel"]
[Result "0-1"]
[WhiteElo "1403"]
[BlackElo "1492"]
[Annotator "Fritz 7"]
[PlyCount "120"]
[EventDate "2002.08.02"]
[EventType "tourn"]
[EventRounds "7"]
[EventCountry "AUS"]

{B20: Sicilian: Unusual White 2nd moves} 1. e4 c5 2. b4 e5 (2... d6 3. bxc5
dxc5 4. c3 Nc6 5. Nf3 e5 6. Bc4 Qd6 7. Qb3 Qg6 8. O-O Bd6 9. d4 Nge7 10. Ng5
O-O 11. Nxf7 Rxf7 12. f4 exd4 13. Bb2 Na5 14. Bxf7+ Qxf7 15. Qxf7+ Kxf7 16.
cxd4 Nc4 17. Bc3 {Mordiglia,R-Palmiotto,F/Celle Ligure 1995/EXT 99/0-1 (38)})
3. Bb2 $146 (3. Nf3 Nf6 4. Bc4 Be7 5. bxc5 Bxc5 6. d4 exd4 7. Nxd4 O-O 8. Bg5
Qa5+ 9. Bd2 Qa4 10. Bg5 Nxe4 11. Bxf7+ Rxf7 {
0-1 Melters,H-May,M/Cologne 1997/EXT 2001 (11)}) (3. Bc4 Nc6 4. Nf3 h6 5. O-O
cxb4 6. a3 Nf6 7. axb4 Bxb4 8. c3 Bc5 9. d4 Bd6 10. Na3 O-O 11. Nb5 Bb8 12. Re1
d6 13. Qb3 Bg4 14. dxe5 dxe5 15. Nh4 Na5 16. Qb4 Nxc4 17. Qxc4 Be6 18. Qe2 a6
19. Nf5 Bxf5 20. exf5 e4 21. Nd4 Qc7 22. g3 Qxc3 23. Be3 Be5 24. Red1 Rfd8 25.
Rac1 Qb4 26. Rb1 Qe7 27. f4 exf3 28. Nxf3 Bc3 29. Kf1 b5 30. Bd4 Qxe2+ 31. Kxe2
Ne4 32. Rbc1 Bxd4 33. Nxd4 b4 34. Ke3 Nc3 35. Re1 a5 36. g4 a4 37. Nc6 Re8+ 38.
Kd3 Na2 39. Rb1 b3 {0-1 Bjarnemark,D-Rintakoski,P/Kuopio 1990/EXT 2000 (39)}) (
3. f4 d6 4. Nf3 Bg4 5. Bc4 Nc6 6. O-O Nd4 7. Nxd4 Bxd1 8. Bb5+ Ke7 9. Nf5+ Ke6
10. Nc3 cxb4 11. Nd5 Nf6 12. Nxg7+ Bxg7 13. f5# {
1-0 Bird,H-NN/London 1895/EXT 2001 (13)}) 3... Nc6 4. bxc5 Bxc5 5. Nf3 (5. Ba3
Bxa3 6. Nxa3 Nf6 $15) 5... d6 (5... Qb6 6. Na3 Bxf2+ 7. Ke2 $19) 6. Bb5 (6. Ba3
$5 $15 {should not be overlooked}) 6... Bxf2+ $1 $17 {
Demolition of pawn structure} 7. Kf1 (7. Kxf2 {Decoy theme: f2} Qb6+ {
A double attack}) 7... Bc5 (7... Nf6 8. d4 Bxd4 9. Nxd4 exd4 10. Bxd4 $19) 8.
d4 exd4 9. Nbd2 (9. Bxd4 Bxd4 10. Qxd4 Nf6 $17) 9... Bd7 10. Nb3 (10. Bxc6 bxc6
11. Nb3 Nf6 $17) 10... Nf6 $19 11. Bxc6 Bxc6 12. e5 Bb5+ (12... Ng4 $5 13. Bxd4
Bxf3 14. Qxf3 Bxd4 15. Nxd4 Nxe5 16. Qxb7 $19) 13. Kg1 $17 Ne4 14. Nxc5 $2 (14.
exd6 $142 Bb6 15. Bxd4 $17) 14... dxc5 $19 (14... Nxc5 $6 15. Nxd4 Bd7 16. exd6
$15) 15. Qe1 Bc6 16. e6 (16. Nd2 Nxd2 17. Qxd2 O-O $19) 16... Qf6 (16... fxe6 {
seems even better} 17. Nd2 Nxd2 18. Qxd2 $19) 17. exf7+ Kxf7 18. Qe2 Rad8 $4 {
throws away the game} (18... Rhf8 $142 {and Black has triumphed} 19. Nxd4 Kg8 (
19... cxd4 $6 20. Rf1 $15) 20. Nxc6 Qxb2 (20... Qxc6 $6 21. h4 $19) 21. Ne7+
Kh8 $19) 19. Rf1 $15 Ke7 (19... Qe7 $5 {is worth consideration} 20. Nxd4+ Nf6
21. Qxe7+ Kxe7 22. Nxc6+ bxc6 23. Bxf6+ gxf6 24. Re1+ Kf7 $15) 20. Nxd4 $14 {
Theme: Clearance for f1-f6.} Qg6 $2 (20... Qxd4+ 21. Bxd4) 21. Nf5+ $4 {
with this move White loses his initiative} (21. Nxc6+ $142 {
White has the better game} Qxc6 22. Rf4 $18 (22. Bxg7 $6 Rhe8 $14)) 21... Kd7
$15 22. Nxg7 $4 (22. Rd1+ $142 {had to be tried to avoid defeat} Ke8 23. Nxg7+
Ke7 24. Re1 $15) 22... Kc8 $19 23. Nf5 (23. Qh5 Rd2 24. Qf5+ Qxf5 25. Nxf5 $19)
23... Rhe8 24. Nh4 (24. Qf3 {doesn't change the outcome of the game} Nd2 25.
Qh3 Rd7 $19) 24... Qg8 (24... Qg5 25. Qf3 Qxh4 26. Qf5+ Rd7 27. Be5 $19) 25.
Qh5 Rd5 (25... Nd2 26. h3 Nxf1 27. Qf5+ Qe6 28. Qxe6+ Rxe6 29. Kxf1 Rd1+ 30.
Kf2 Rxh1 31. Bg7 $19) 26. Qf7 (26. Qh6 {is still a small chance} Rg5 27. Bc1
$19) 26... Qxf7 27. Rxf7 Rd1+ 28. Rf1 Rxf1+ (28... Red8 $142 {
and Black has reached his goal} 29. Nf5 Rxf1+ 30. Kxf1 Rd1+ 31. Ke2 Rxh1 $19)
29. Kxf1 Bb5+ 30. Kg1 Rd8 31. g4 Rd2 32. Nf3 (32. h3 {
the last chance for counterplay} Rxc2 33. Rh2 $19) 32... Rxc2 33. Be5 (33. Bd4
{doesn't get the bull off the ice} Rxa2 34. h3 cxd4 35. Nxd4 Bc4 $19) 33...
Rxa2 (33... Nf2 $142 {and Black has prevailed} 34. Ng5 Bc6 $19) 34. h4 {
White prepares g5} Bd3 35. Rh2 Rxh2 36. Kxh2 c4 (36... b5 {
and Black can already relax} 37. g5 Be2 38. Kg2 $19) 37. Ne1 (37. g5 c3 $19)
37... Be2 38. g5 c3 39. Kg2 (39. Nc2 {cannot change destiny} b5 40. Nb4 a5 $19)
39... Kd7 (39... b5 {might be the shorter path} 40. Nc2 Bd1 41. Nd4 $19) 40.
Bf4 (40. Nc2 {does not improve anything} Bd1 41. Nb4 Ke6 $19) 40... b5 41. h5
Ke6 (41... Bxh5 $5 {makes it even easier for Black} 42. Nd3 a5 43. Ne5+ Ke6 44.
Nc6 $19) 42. g6 (42. Nc2 {does not win a prize} Bxh5 43. Nd4+ Kd5 44. Nxb5 a5
$19) 42... hxg6 43. h6 (43. hxg6 {is not the saving move} Kf6 44. Nc2 Kxg6 $19)
43... Kf7 44. Nc2 a5 (44... Bd1 $142 $5 {keeps an even firmer grip} 45. Be5 Kg8
46. Nb4 $19) 45. Nd4 Bd3 46. Nb3 (46. Nc6 {cannot change what is in store for ?
} g5 47. Be5 Kg6 48. Nxa5 Be2 $19) 46... a4 47. Nc1 Bc4 48. Kf3 Nc5 (48... Nf6
$142 $5 {seems even better} 49. Bd6 Nd5 50. Ke4 $19) 49. Be5 Kg8 50. Bxc3 Kh7
51. Bg7 (51. Bb4 {does not help much} Ne6 52. Ke4 Kxh6 $19) 51... a3 52. Ke3 a2
53. Bc3 Kxh6 54. Kf2 (54. Bd4 {is no salvation} Ne6 55. Be5 Kg5 $19) 54... Kg5
(54... Ne4+ 55. Ke3 Nxc3 56. Nxa2 Bxa2 57. Kf3 b4 58. Kf4 b3 59. Ke5 b2 60. Kd6
b1=Q 61. Kc6 Nd5 62. Kd6 Qb7 63. Ke5 Qe7+ 64. Kd4 Qe3#) 55. Kf3 (55. Ke3 {
does not solve anything} Kf5 $19) 55... Kf5 56. Bd4 (56. Ba1 {is not much help}
g5 $19) 56... Ne6 (56... Na4 $142 $5 {and Black can already relax} 57. Ke3 b4
58. Ba1 $19) 57. Bc3 g5 58. Kg3 (58. Ke3 {does not save the day} Nf4 59. Bb2
Nd5+ 60. Kf3 g4+ 61. Kg3 b4 $19) 58... Nc5 59. Ba1 (59. Kf3 {
doesn't change anything anymore} Na4 60. Nxa2 Bxa2 $19) 59... b4 60. Kf2 Kf4 (
60... Kf4 61. Bg7 Ne4+ 62. Kg2 Nc3 63. Nxa2 Bxa2 $19) 0-1

[Event "Modbury Championship"]
[Site "Modbury"]
[Date "2002.06.14"]
[Round "1.2"]
[White "Porlaje, Benjamin"]
[Black "De Jong, George"]
[Result "0-1"]
[WhiteElo "1493"]
[BlackElo "1369"]
[Annotator "Fritz 7"]
[PlyCount "104"]
[EventDate "2002.08.02"]
[EventType "tourn"]
[EventRounds "7"]
[EventCountry "AUS"]

{E90: King's Indian: Classical: Early deviations and 6 h3} 1. d4 Nf6 2. c4 g6
3. Nc3 Bg7 4. Nf3 d6 5. e4 O-O 6. Bf4 Nbd7 (6... Bg4 7. Be2 Nc6 8. d5 Nh5 9.
Be3 Ne5 10. Nxe5 Bxe2 11. Qxe2 Bxe5 12. O-O c5 13. f4 Bg7 14. Rf3 e6 15. Rd1
Qe7 16. Bc1 a6 17. Rfd3 e5 18. f5 Nf4 19. Bxf4 exf4 20. fxg6 hxg6 21. Qf3 {
Wimmer,C-Pruefer,S/Passau 1998/EXT 99/0-1 (35)}) 7. Qd2 $146 (7. Be2 c6 (7...
Re8 8. O-O e5 9. dxe5 dxe5 10. Nxe5 Nxe4 11. Nxe4 Nxe5 12. Qxd8 Rxd8 13. Bxe5
Bxe5 14. Bf3 c6 15. Rad1 Be6 16. b3 Bd4 17. h3 h6 18. Rfe1 Kg7 19. Ng3 a5 20.
Ne2 Bf6 21. a4 Bf5 22. Nc1 Bc2 23. Rxd8 Rxd8 24. Kh2 Bg5 25. c5 Bd2 26. Rf1 Bb4
27. Ne2 Bxb3 {0-1 Jones,N-Wright,J/Melbourne 1992/EXT 2001 (27)}) 8. Qd2 e5 9.
dxe5 dxe5 10. Be3 Qe7 11. Rd1 Nc5 12. Bg5 h6 13. Bxf6 Qxf6 14. Qd6 Ne6 15. O-O
Rd8 16. Qb4 Nd4 17. Nxd4 exd4 18. e5 Qxe5 19. Rfe1 Re8 20. Ne4 a5 21. Qd2 c5 {
Petrungaro,C-Langier,D/Mar del Plata 1993/EXT 98/0-1 (50)}) (7. h3 Nh5 8. Bh2
e5 9. dxe5 dxe5 10. Qd2 c6 11. g4 Nhf6 12. O-O-O Qa5 13. Kb1 Nc5 14. Bxe5 Be6
15. Qc2 b5 16. cxb5 cxb5 17. Bxf6 Bxf6 18. e5 b4 19. Na4 b3 20. axb3 Bg7 21. b4
Qxa4 22. bxc5 Qa5 23. Bc4 Qxc5 24. Bxe6 Qxc2+ 25. Kxc2 fxe6 26. Ng5 Rxf2+ 27.
Kb1 Bxe5 {0-1 Friberg,H-Grahn,H/SWE 1964/EXT 2001 (27)}) 7... Nh5 8. Bh6 e5 9.
Be2 exd4 10. Nxd4 Nhf6 11. O-O Re8 12. Bf3 Ne5 (12... Bxh6 13. Qxh6 Nc5 14.
Rae1 $11) 13. Bxg7 $14 Kxg7 14. b3 {Controls c4} (14. Be2 Kg8 $14) 14... a6 {
Covers b5} (14... Nxf3+ 15. Nxf3 Nxe4 16. Qd4+ Nf6 17. Rfe1 $11) 15. Rfe1 c5
16. Nc2 Nxf3+ 17. gxf3 Bh3 18. Rad1 {Exerts pressure on the backward pawn} Re6
(18... Nh5 19. Nd5 $11 (19. Qxd6 $4 {
it may look tempting but White must resist capturing the pawn} Qg5+ 20. Qg3
Nxg3 21. fxg3 Qf6 $19)) 19. Re3 (19. Kh1 $5 $16) 19... Nh5 $11 20. Rd3 {
Increases the pressure on the backward pawn} Qf6 (20... Qh4 $5 21. Ne2 f5 22.
Rxd6 fxe4 23. Rd7+ Re7 24. Rxe7+ Qxe7 25. Qc3+ Kg8 $11) 21. Nd5 $14 Qh4 22. Nc7
$4 {not a good decision, because now the opponent is right back in the game} (
22. Kh1 $142 $5 $14 {should be investigated more closely}) 22... Rae8 (22...
Nf4 $142 {and the scales tip in favour of Black} 23. Nxe6+ fxe6 $19) 23. Nxe8+
Rxe8 24. Rxd6 Nf4 {The knight is not easily driven from f4} 25. Qe3 $4 {
cause more grief} (25. Rd5 f5 26. Ne3 (26. Rxc5 $4 {simply mating in 2} Qg5+
27. Kh1 Qg2#) 26... Qg5+ 27. Ng4 Bxg4 28. Rd7+ (28. fxg4 $4 Qxg4+ 29. Kf1 Qg2+
30. Ke1 Qh1#) 28... Kg8 29. h4 (29. fxg4 {
is impossible because of the following mate in 3} Qxg4+ 30. Kf1 Qg2+ 31. Ke1
Qh1#) 29... Nh3+ 30. Kf1 Qxd2 31. R1xd2 Bxf3 32. Rxb7 $15) 25... Re5 (25...
Qg5+ 26. Kh1 Qg2#) 26. Ne1 (26. Qxf4 {what else?} Qxf4 27. Ne1 Rg5+ 28. Kh1 $19
) 26... Qg5+ 27. Kh1 Bg2+ 28. Kg1 (28. Nxg2 {is not the saving move} Qxg2#)
28... Bxf3+ (28... Nh3#) 29. Kf1 $19 Be2+ (29... Bg2+ $142 {
makes sure everything is clear} 30. Nxg2 Qxg2+ 31. Ke1 Rxe4 32. Kd2 Rxe3 33.
Kxe3 $19) 30. Qxe2 Nxe2 31. Kxe2 Rxe4+ 32. Kd3 (32. Kf1 {
doesn't get the cat off the tree} Qh5 33. f3 Qh3+ 34. Kf2 Qxh2+ 35. Ng2 Re7 $19
) 32... Qf4 (32... Qe7 $142 {seems even better} 33. Kc2 Rxe1 $19) 33. Rd2 (33.
Rd5 {doesn't do any good} b5 34. Kc2 bxc4 $19) 33... Rd4+ (33... Rxe1 $142 {
secures victory} 34. Kc2 Qe4+ 35. R6d3 Ra1 $19) 34. Rxd4 Qxd4+ 35. Ke2 Qf4 (
35... Qe5+ $142 {might be the shorter path} 36. Kf1 Qxh2 $19) 36. Nf3 (36. Rd5
{cannot undo what has already been done} b6 $19) 36... g5 (36... Qe4+ $142 {
and Black wins} 37. Kf1 Qxf3 $19) 37. Rd3 (37. Ne1 {hardly improves anything}
Qxh2 38. Rd5 f6 $19) 37... f6 (37... g4 {and Black can already relax} 38. Nd2
Qxh2 39. Rd5 $19) 38. h3 Kf7 (38... b5 $5 {makes it even easier for Black} 39.
Re3 $19) 39. Nd2 h5 {Black prepares the advance g4} 40. Re3 g4 41. Re4 Qg5 42.
hxg4 hxg4 43. Re3 f5 44. Nf1 (44. Re5 {there is nothing better in the position}
Qh5 45. Kd3 $19) 44... f4 45. Rd3 (45. Re4 {
a fruitless try to alter the course of the game} g3 46. fxg3 fxg3 $19) 45...
Qe5+ 46. Kd2 Ke7 (46... Qb2+ {seems even better} 47. Ke1 Qa1+ 48. Rd1 Qc3+ 49.
Rd2 Qe5+ 50. Kd1 Qa1+ 51. Ke2 f3+ 52. Ke3 Qxf1 53. Rd5 $19) 47. Rc3 (47. Ne3 {
doesn't improve anything} Qb2+ (47... fxe3+ $6 48. Rxe3 Kd6 49. Rxe5 Kxe5 50.
a4 $15) 48. Nc2 Qb1 $19) 47... Kd7 (47... Qd4+ $142 {keeps an even firmer grip}
48. Kc2 Qxf2+ 49. Nd2 Qe2 $19) 48. Rc2 (48. Nh2 {no good, but what else?} Qh5
49. Nxg4 Qxg4 50. Rc2 $19) 48... Qd4+ 49. Ke1 Qe4+ (49... Qa1+ $142 {
and the result of the game is clear: Black will win} 50. Kd2 Qxf1 $19) 50. Kd2
Qd4+ (50... b5 $142 {makes it even easier for Black} 51. Rc3 Ke6 $19) 51. Ke1
Qa1+ 52. Ke2 f3+ (52... f3+ 53. Kd2 Qxf1 $19) 0-1

[Event "Modbury Championship"]
[Site "Modbury"]
[Date "2002.06.21"]
[Round "2.1"]
[White "Watters, Daniel"]
[Black "Anderson-Smith, William"]
[Result "0-1"]
[WhiteElo "1492"]
[BlackElo "1613"]
[Annotator "Fritz 7"]
[PlyCount "144"]
[EventDate "2002.08.02"]
[EventType "tourn"]
[EventRounds "7"]
[EventCountry "AUS"]

{C01: French: Exchange Variation} 1. e4 e6 2. d4 d5 3. exd5 exd5 4. Nf3 Nf6 5.
Bg5 Bd6 (5... c6 6. Bd3 Qe7+ 7. Qe2 Qxe2+ 8. Kxe2 Be7 9. Re1 h6 10. Bh4 g5 11.
Bg3 Ne4 12. Kf1 f5 13. Bxb8 Rxb8 14. Ne5 Bf6 15. f3 Bxe5 16. dxe5 Nc5 17. b4
Nxd3 18. cxd3 f4 19. Nd2 Bf5 20. Ke2 {
Fernandez Garcia,J-De la Villa Garcia,J/Pamplona 1991/CBM 28/1-0 (66)}) (5...
Bg4 6. Be2 Be7 7. c3 Nbd7 8. Nbd2 O-O 9. O-O h6 {
1/2-1/2 Delgado Crespo,M-Cosma,E/Benasque 2001/CB41 (9)}) 6. Nc3 c6 $146 {
Controls b5} (6... Be6 7. Bd3 Nbd7 8. O-O O-O 9. Ne2 b6 10. c3 c5 11. Qc2 Qc7
12. h3 Rfe8 13. Rae1 Nf8 14. Bxf6 gxf6 15. Kh1 Qd7 16. g4 Kh8 17. Rg1 Ng6 18.
Qd2 Rg8 19. Rg2 Rg7 20. Reg1 Rag8 21. Ne1 {
Dickel,K-Wisniewski,R/Hohenlimburg 1978/EXT 98/0-1 (38)}) 7. h3 {
Prevents intrusion on g4} O-O 8. Qd2 Bf5 9. O-O-O Nbd7 10. g4 Bg6 11. Kb1 Qc7
12. Bg2 b5 13. Nh4 a5 14. Nf5 (14. Nxg6 $5 fxg6 15. Qd3 $15) 14... Bxf5 $17 15.
gxf5 Bb4 (15... a4 16. Ne2 $17) 16. a3 (16. Rhg1 Kh8 $11) 16... Bxc3 (16...
Rfb8 17. Ka1 $17) 17. Qxc3 $15 Qa7 (17... Rfe8 $5 $15 {is interesting}) 18.
Qxc6 $14 b4 {Black gets more space} 19. Bxf6 (19. a4 $142 $14) 19... Rfc8 (
19... Nxf6 $142 {and Black has air to breath} 20. Bxd5 Rfc8 $11) 20. Qxd5 $18
Nxf6 21. Qb3 (21. Qb7 $142 $5 $18) 21... Rab8 $14 22. a4 Rc7 (22... Rd8 23. Rd2
$16) 23. Qe3 Rbc8 24. Rd2 Re7 25. Qf3 (25. Qg3 $5 $16) 25... Qd7 $14 26. b3 (
26. Qb3 Rce8 $14) 26... Ne4 $11 27. Rd3 Nc3+ 28. Kb2 (28. Ka1 f6 $11) 28... Qc7
29. Rd2 Rce8 30. Rd3 Rc8 31. Rxc3 (31. Rd2 $5 $11 {
should be examined more closely}) 31... bxc3+ (31... Qxc3+ 32. Qxc3 Rxc3 33.
Bf1 $19) 32. Kb1 (32. Ka2 $142 $5 $15 {has some apparent merit}) 32... Qd6 $19
33. Ka2 Qxd4 34. Rd1 Qf6 35. Qd3 Ree8 36. Qb5 Re5 37. Qd7 Qxf5 38. Qxf5 Rxf5
39. Bb7 Rb8 40. f3 g6 41. Be4 Rc5 42. Rd3 Re8 (42... Kf8 $142 $19) 43. Bd5 $2 (
43. b4 Rc4 44. bxa5 Rxa4+ 45. Kb3 Rxa5 46. Kxc3 Rh5 $19) 43... Kg7 (43... Re2
$142 {and Black wins} 44. Kb1 Re1+ 45. Ka2 Rc1 $19) 44. Bc4 Re1 45. Rxc3 Rh1
46. f4 Rh2 47. Kb2 (47. Ka3 $5 $17) 47... Rf2 $19 48. Rd3 Rxf4 49. Rd7 Rf3 50.
Ra7 (50. Bd5 Rf2 51. Bc4 h5 $19) 50... Rxh3 (50... g5 $142 $5 $19) 51. Rxf7+
Kh6 52. Ra7 (52. Rb7 Rhh5 $19) 52... Rh2 (52... Kg5 53. Rb7 $19) 53. Rd7 (53.
Kc3 Rhh5 $17) 53... Kg5 54. Rd3 (54. Kc3 Kf4 $19) 54... Kf4 55. Kc3 (55. Rd4+
Ke3 56. Rd3+ Ke4 $19) 55... h5 56. Kb2 (56. Kd4 Rc7 57. Kc3 g5 $19) 56... h4
57. Rd4+ Ke5 58. Rd3 (58. Rg4 {the only chance to get some counterplay} Kf5 59.
Rd4 $19) 58... g5 59. Re3+ Kf4 60. Re1 h3 61. Rf1+ Kg3 62. Bd3 (62. Kc3 {
cannot change what is in store for ?} Rf2 63. Rg1+ Rg2 $19) 62... Rf2 63. Rg1+
(63. Rc1 {is not the saving move} g4 $19) 63... Rg2 64. Rf1 (64. Re1 {
is no salvation} h2 65. b4 axb4 $19) 64... h2 65. Be4 Rf2 66. Rd1 g4 67. Rd3+ (
67. b4 {there is nothing better in the position} Rc4 68. Ba8 Rcxc2+ 69. Kb3
Rb2+ 70. Kc3 Rfc2+ 71. Kd3 $19) 67... Kf4 68. Bh1 Rcxc2+ 69. Kb1 Rce2 (69...
Rcd2 70. Kc1 Rxd3 71. b4 Rg3 72. Bg2 Rgxg2 73. bxa5 h1=Q#) 70. Rd4+ Kg5 71.
Rd5+ (71. Rd2 {doesn't change the outcome of the game} Rxd2 72. Kc1 Ra2 73. Kb1
Rae2 74. b4 Re1#) 71... Kh4 72. Rd1 Rg2 (72... Rg2 73. Rd2 Rxd2 74. Kc1 Rdf2
75. Bxg2 Rxg2 76. b4 h1=Q#) 0-1

[Event "Modbury Championship"]
[Site "Modbury"]
[Date "2002.06.21"]
[Round "2.3"]
[White "De Jong, George"]
[Black "Lutley, Philip"]
[Result "1/2-1/2"]
[WhiteElo "1369"]
[BlackElo "1449"]
[Annotator "Fritz 7"]
[PlyCount "108"]
[EventDate "2002.08.02"]
[EventType "tourn"]
[EventRounds "7"]
[EventCountry "AUS"]

{B40: Sicilian: 2...e6, Unusual lines} 1. e4 e6 2. Nf3 c5 3. Bc4 Nc6 4. d3 g6
$146 (4... d5 5. exd5 exd5 6. Qe2+ Be7 7. Bb5 Nf6 8. O-O O-O 9. Re1 Bd6 10. Bg5
Bg4 11. Nbd2 Nd4 12. Qd1 Nxb5 13. c4 dxc4 14. Nxc4 Nd4 15. Re3 Qc7 16. h3 Bxf3
17. gxf3 Nd5 18. Re4 Rae8 19. Rg4 f5 20. Rg2 Bf4 21. Bh4 Re2 22. Kf1 Rfe8 23.
Qa4 b5 24. Qa6 bxc4 25. Qxc4 Qf7 26. Qxc5 Nxf3 27. Bg3 Re1+ 28. Rxe1 Rxe1# {
0-1 Wood,G-Begishie,S/Flagstaff 1991/EXT 97 (28)}) (4... d5 5. exd5 exd5 6.
Qe2+ Be6 7. Bb3 $11) 5. a3 {Covers b4} (5. Nc3 $5 $14) 5... Bg7 6. Nc3 Nge7 7.
Rb1 O-O 8. O-O a6 {Controls b5} 9. Ba2 d6 {Consolidates e5} 10. Bg5 Qc7 11. Ne2
e5 12. Nc3 Kh8 13. Qc1 f5 14. Bh6 f4 {Black wins space} 15. Bxg7+ Kxg7 16. h3 {
Secures g4} Nd4 17. Nxd4 (17. Qd1 $5 $11 {looks like a viable alternative})
17... cxd4 $15 18. Nd5 Nxd5 19. Bxd5 {The bishop dominates} f3 20. c4 $4 (20.
Qg5 $142 $5 $11 {would allow White to play on}) 20... fxg2 (20... Rf4 $142 $5
21. Kh2 fxg2 $19) 21. Kxg2 $17 Rf4 22. Rh1 Bd7 23. Qc2 Raf8 24. Rbf1 $2 (24.
Rh2 $19) 24... Rf3 (24... Bg4 $142 {and Black can celebrate victory} 25. Qb3
Qd8 $19) 25. Qe2 $17 Qd8 26. Qxf3 Rxf3 27. Kxf3 Qf6+ (27... Qh4 $142 $5 28. Kg2
Qg5+ 29. Kf3 b6 $17) 28. Ke2 $11 b5 29. b3 (29. cxb5 $5 axb5 30. Rfg1 $11)
29... bxc4 30. Bxc4 ({Instead of} 30. dxc4 Qh4 $19) 30... Qd8 (30... Qh4 31.
Bxa6 Bxh3 32. Rfg1 Qh5+ 33. f3 $17) 31. f4 {White undermines the pawn chain} (
31. Bxa6 $5 Qh4 32. Rc1 $14) 31... Bb5 $11 32. Be6 (32. Bd5 a5 $11) 32... Qa5 (
32... Qc7 33. Rc1 Qe7 $17) 33. fxe5 $4 {allows the opponent back into the game}
(33. a4 Be8 $11) 33... dxe5 $4 {gives away a clear win} (33... Qc3 $142 {
secures the point} 34. Rf7+ Kh6 $19) 34. a4 Be8 (34... Bxd3+ 35. Kxd3 Qc3+ 36.
Ke2 Qc2+ 37. Kf3 Qd3+ 38. Kg2 Qxe4+ 39. Kh2 Qe2+ 40. Kg1 Qe3+ 41. Rf2 $15) 35.
Rc1 (35. Bc4 Qc3 $11) 35... Kf6 (35... Qb6 $5 36. Bc4 Bf7 $15) 36. Bd5 g5 37.
Rhf1+ Ke7 38. Rf5 Bh5+ 39. Kf1 Qd2 40. Rc7+ (40. Rxe5+ $4 {
White will not be able to digest the pawn} Kd8 41. Rf5 Qxc1+ 42. Kg2 Qc2+ 43.
Rf2 Qxd3 $19) 40... Kd8 41. Rxh7 Qe2+ 42. Kg1 Qe3+ 43. Kg2 Qe2+ 44. Rf2 $4 {
White lets it slip away} (44. Kg1 $142 Qe1+ 45. Kh2 Qe2+ 46. Kg1 $11) 44... Qd1
(44... Bf3+ $142 $1 {makes sure everything is clear} 45. Kg3 Qe3 46. Rh8+ Ke7
$19) 45. Rf8+ (45. Bc6 {seems even better} Be8 46. Rh8 Kc7 47. Bxe8 Qxd3 $18)
45... Be8 46. Rhh8 (46. Bc4 $142 g4 47. hxg4 Qxg4+ 48. Kf2 $18) 46... Qe2+ $4 {
Black crumbles in face of a dire situation} (46... Qd2+ 47. Kg3 Kc7 48. Rh7+
Bd7 $18) 47. Kg3 Qxd3+ (47... Kd7 {desperation} 48. Rxe8 Qd1 $18) 48. Kg4 Qe2+
49. Kxg5 (49. Kf5 $142 {and White has triumphed} Qf3+ 50. Ke6 Qxf8 51. Rxf8 $18
) 49... Qg2+ (49... Kd7 {doesn't get the bull off the ice} 50. Rh7+ (50. Rxe8
$6 {is much weaker} Qe3+ 51. Kf5 Qf4+ 52. Kg6 Qg3+ 53. Kf6 Qf4+ 54. Kg7 Qg5+
55. Kf7 Qf4+ 56. Kg6 Qg3+ 57. Kh5 Qf3+ 58. Kh6 Qf6+ 59. Kh7 Qh4+ 60. Kg8 Qg5+
61. Kf7 Qf4+ 62. Kg6 $11) 50... Kd6 51. Rxe8 Qe3+ 52. Kf6 Qf4+ 53. Kg7 $18) 50.
Kf5 (50. Kh4 {makes it even easier for White} Qg6 51. Rxe8+ Qxe8 52. Rxe8+ Kxe8
$18) 50... Qg6+ 51. Kxe5 Qg7+ (51... Qg5+ {praying for a miracle} 52. Kxd4 Kd7
53. Rh7+ Kd6 $18) 52. Kf4 Qc7+ (52... Kd7 {doesn't improve anything} 53. e5 Qg1
54. Rxe8 Qe3+ 55. Kf5 Qf2+ 56. Kg6 Qg3+ 57. Kf6 Qf4+ 58. Kg7 $18) 53. e5 Qc1+
54. Kf5 Qc2+ (54... Kd7 {there is nothing else anyway} 55. Be6+ Kc6 56. Rxe8
Qf1+ 57. Kg6 Qg1+ 58. Kf6 Kc5 $18) 1/2-1/2

[Event "Modbury Championship"]
[Site "Modbury"]
[Date "2002.06.21"]
[Round "2.4"]
[White "Kramer, Warren"]
[Black "Porlaje, Benjamin"]
[Result "0-1"]
[WhiteElo "1403"]
[BlackElo "1493"]
[Annotator "Fritz 7"]
[PlyCount "72"]
[EventDate "2002.08.02"]
[EventType "tourn"]
[EventRounds "7"]
[EventCountry "AUS"]

{D06: Queen's Gambit: Symmetrical and Baltic Defences} 1. d4 d5 2. c4 Nf6 3.
cxd5 Nxd5 4. e4 Nb6 5. Nf3 Bg4 6. Nc3 e6 7. Be2 N8d7 8. Be3 Be7 9. O-O O-O 10.
h3 $146 (10. Rc1 Rc8 11. Qb3 c6 12. Rfd1 Nf6 13. h3 Bh5 14. a4 Bxf3 15. Bxf3
Rc7 16. a5 Nc8 17. d5 exd5 18. exd5 cxd5 19. Nxd5 Nxd5 20. Bxd5 Rxc1 21. Rxc1
Nd6 22. Bxa7 Qxa5 23. Bb6 Qd2 24. Rd1 Qe2 {
Khechen,N-Pilapil,E/Thessaloniki 1984/EXT 97-B/1-0 (35)}) 10... Bh5 11. a4 a5
12. Rc1 Bg6 13. e5 {White gains space} h6 {Prevents intrusion on g5} 14. Qd2
Kh7 15. Nb5 (15. d5 Bb4 16. dxe6 fxe6 $11) 15... Bb4 16. Qd1 Nd5 17. Bd2 c6 (
17... N7b6 $5 $11) 18. Bxb4 $14 Nxb4 {Menacing} 19. Nd6 {
'the knight is the knight!'} Rb8 20. Ne1 Nb6 21. Bd3 Bxd3 22. Nxd3 N6d5 {
A valuable piece} 23. Nc5 b6 24. Nce4 (24. Nd3 f6 $14) 24... Qd7 25. Qf3 Kg8
26. Qg3 Qe7 27. Rfd1 Rbd8 28. Nc3 f5 (28... Nc7 29. Nc4 $14) 29. Nxd5 $16 cxd5
30. Nb5 (30. Qg6 f4 $16) 30... Rc8 $14 31. Nd6 (31. Qg6 Qd7 $14) 31... Rc7 (
31... Rcd8 32. Qg6 f4 $16) 32. Rxc7 Qxc7 33. Qg6 Qd7 34. Rc1 (34. Kh2 $142 $5
$14 {and White can hope to survive}) 34... Nd3 $15 35. Rc3 $4 (35. Rc2 $142 {
would be a reprieve} Nf4 36. Qg3 Qxa4 37. Qc3 $15) 35... Nf4 $19 36. Rc7 (36.
b3 {no good, but what else?} Nxg6 37. Kh2 $19) 36... Qxc7 (36... Qxc7 37. Qxe6+
Nxe6 38. Nc4 Qxc4 39. b3 Qc1+ 40. Kh2 Qf1 41. g4 Nf4 42. Kg3 Qxh3+ 43. Kxf4
fxg4#) (36... Nxg6 {is easily refuted} 37. Rxd7 Nf4 38. Kf1 $14) 0-1